Statystyki dla TOP 50 aktorów i aktorek według filmweb

Kliknij tutaj aby rozwiązać quiz!

Ogólne statystyki

  • Ten quiz został rozwiązany 292 razy
  • Średni wynik to 15 z 50

Statystyki odpowiedzi

HintOdpowiedź% Poprawnych
9. Ocena 8,86. Najwyżej oceniony w: „Forrest Gump”Tom Hanks
77%
2. Ocena 8,97. Najwyżej oceniony w: „Co gryzie Gilberta Grape’a”Leonardo DiCaprio
73%
22. Ocena 8,78. Najwyżej oceniony w: „Piraci z Karaibów: Klątwa czarnej perły”Johnny Depp
72%
36. Ocena 8,69. Najwyżej oceniony w: „Pewnego razu w Hollywood”Brad Pitt
69%
1. Ocena 9,02. Najwyżej oceniony w: „Joker”Joaquin Phoenix
58%
4. Ocena 8,90. Najwyżej oceniony w: „Avengers: Koniec Gry”Robert Downey Jr.
58%
2. Ocena 8,97. Najwyżej oceniony w: „Lot nad kukułczym gniazdem”Jack Nicholson
57%
17. Ocena 8,80. Najwyżej oceniony w: „Milczenie Owiec”Anthony Hopkins
49%
6. Ocena 8,88. Najwyżej oceniony w: „Zapach Kobiety”Al Pacino
45%
9. Ocena 8,86. Najwyżej oceniony w: „Sherlock”Benedict Cumberbatch
44%
46. Ocena 8,63. Najwyżej oceniony w: „Przebudzenia”Robert De Niro
44%
24. Ocena 8,76. Najwyżej oceniony w: „Mroczny Rycerz”Heath Ledger
43%
6. Ocena 8,88. Najwyżej oceniony w: „House of Cards”Kevin Spacey
41%
42. Ocena 8,66. Najwyżej oceniony w: „Mechanik”Christian Bale
39%
5. Ocena 8,89. Najwyżej oceniony w: „Harry Potter i insygnia śmierci część II”Alan Rickman
38%
46. Ocena 8,63. Najwyżej oceniona w: „Legion Samobójców”Margot Robbie
37%
6. Ocena 8,88. Najwyżej oceniony w: „Gran Torino”Clint Eastwood
36%
17. Ocena 8,80. Najwyżej oceniona w: „Downton Abbey”Maggie Smith
36%
44. Ocena 8,64. Najwyżej oceniony w: „Logan: Wolverine”Hugh Jackman
34%
36. Ocena 8,69. Najwyżej oceniony w: „Stowarzyszenie umarłych poetów”Robin Williams
34%
23. Ocena 8,77. Najwyżej oceniony w: „Żandarm z St. Tropez”Louis De Funès
32%
20. Ocena 8,79. Najwyżej oceniony w: „Dr House”Hugh Laurie
30%
16. Ocena 8,81. Najwyżej oceniony w: „Bękarty Wojny”Christoph Waltz
27%
13. Ocena 8,84. Najwyżej oceniony w: „Mr. Robot”Rami Malek
27%
39. Ocena 8,68. Najwyżej oceniony w: „Green Book”Viggo Mortensen
27%
26. Ocena 8,75. Najwyżej oceniona w: „Śniadanie u Tiffany’ego”Audrey Hepburn
26%
44. Ocena 8,64. Najwyżej oceniony w: „Leon Zawodowiec”Gary Oldman
24%
14. Ocena 8,83. Najwyżej oceniony w: „Chłopcy z ferajny”Joe Pesci
24%
39. Ocena 8,68. Najwyżej oceniony w: „Breaking Bad”Aaron Paul
23%
17. Ocena 8,80. Najwyżej oceniony w: „Lęk Pierwotny”Edward Norton
22%
34. Ocena 8,70. Najwyżej oceniona w: „Harry Potter i insygnia śmierci część II”Helena Bonham Carter
21%
14. Ocena 8,83. Najwyżej oceniony w: „Władca pierścieni: Drużyna pierścienia”Ian McKellen
21%
11. Ocena 8,85. Najwyżej oceniony w: „Breaking Bad”Bryan Cranston
20%
11. Ocena 8,85. Najwyżej oceniony w: „Gra o tron”Peter Dinklage
18%
29. Ocena 8,73. Najwyżej oceniony w: „Teoria Wszystkiego”Eddie Redmayne
15%
34. Ocena 8,70. Najwyżej oceniony w: „Split”James McAvoy
15%
33. Ocena 8,71. Najwyżej oceniony w: „True Detective”Matthew McConaughey
15%
43. Ocena 8,65. Najwyżej oceniony w: „Lista Schindlera”Ralph Fiennes
15%
24. Ocena 8,76. Najwyżej oceniony w: „Aż poleje się krew”Daniel Day-Lewis
14%
50. Ocena 8,59. Najwyżej oceniony w: „12 gniewnych ludzi”Henry Fonda
12%
20. Ocena 8,79. Najwyżej oceniony w: „Bronson”Tom Hardy
11%
39. Ocena 8,68. Najwyżej oceniony w: „Do utraty sił”Jake Gyllenhall
8%
27. Ocena 8,74. Najwyżej oceniony w: „Sherlock”Andrew Scott
7%
49. Ocena 8,61. Najwyżej oceniony w: „Władca Pierścieni: Powrót Króla”Andy Serkis
7%
31. Ocena 8,72. Najwyżej oceniony w: „Blask”Geoffrey Rush
6%
46. Ocena 8,63. Najwyżej oceniony w: „Kamerdyner”Janusz Gajos
6%
36. Ocena 8,69. Najwyżej oceniony w: „The walking Dead”Norman Reedus
6%
29. Ocena 8,73. Najwyżej oceniona w: „American Horror Story: Asylum”Jessica Lange
5%
31. Ocena 8,72. Najwyżej oceniony w: „Twin Peaks”Kyle MacLachlan
5%
27. Ocena 8,74. Najwyżej oceniony w: „Dobry Omen”David Tennant
4%

Rozkład punktacji

Percentyl według liczby udzielonych odpowiedzi

Procent ludzi z każdym wynikiem

Twoja historia wyników

Nie rozwiązałeś tego quizu